1200 thuật ngữ pháp lý Việt Nam

Đã lưu trong:
書目詳細資料
主要作者: Nguyễn Ngọc Điệp
格式: 圖書
語言:Vietnamese
出版: Tp.HCM 1999
標簽: 添加標簽
沒有標簽, 成為第一個標記此記錄!
Thư viện lưu trữ: Mạng thư viện Đại học Đà Nẵng
LEADER 00632nam a2200253 4500
001 000020503
003 16949
005 20150320140342.0
008 150320s1999 viesd
020 |c 00 
041 0 |a vie 
082 1 4 |a 340.03  |b NG-Đ 
100 1 |a Nguyễn Ngọc Điệp 
245 1 0 |a 1200 thuật ngữ pháp lý Việt Nam  |c Nguyễn Ngọc Điệp 
260 |b Tp.HCM  |c 1999 
300 |a tr.  |c cm. 
OWN |a LSP 
999 |a From the UDN01 
TYP |a Monograph 
TYP |a Printed language 
980 |a Mạng thư viện Đại học Đà Nẵng